Chuyển đến nội dung
Inicio
Centros participantes
Catálogo
Servicios
Contacto
Đăng nhập
English
Deutsch
Español
Français
Italiano
日本語
Nederlands
Português
Português (Brasil)
中文(简体)
中文(繁體)
Türkçe
עברית
Gaeilge
Cymraeg
Ελληνικά
Català
Euskara
Русский
Čeština
Suomi
Svenska
polski
Dansk
slovenščina
اللغة العربية
বাংলা
Galego
Tiếng Việt
Hrvatski
हिंदी
Հայերէն
Українська
Sámegiella
Ngôn ngữ
Tất cả các trường
Tiêu đề
Tác giả
Chủ đề
Số hiệu
số ISBN/ISSN
Nhãn
Tìm kiếm
Nâng cao
La economía mexicana en el pri...
Trích dẫn điều này
Email này
In
Xuất bản ghi
Xuất tới RefWorks
Xuất tới EndNoteWeb
Xuất tới EndNote
Lưu vào danh sách
Liên kết dài hạn
Agregar primera valuación
La economía mexicana en el primer trimestre de 1994 y sus perspectivas en el corto plazo /
Đã lưu trong:
Chi tiết về thư mục
Tác giả chính:
Rangel, José
Định dạng:
Texto
Những chủ đề:
MEXICO
ECONOMIA
Các nhãn:
Thêm thẻ
Không có thẻ, Là người đầu tiên thẻ bản ghi này!
Đang giữ
Miêu tả
Những bình luận
Những quyển sách tương tự
Chế độ xem nhân viên
MARC
LEADER
00000 a a2200000 04500
001
45902
003
040
100
|a
Rangel, José
245
|a
La economía mexicana en el primer trimestre de 1994 y sus perspectivas en el corto plazo /
|c
José Rangel
650
|a
MEXICO
650
|a
ECONOMIA
773
|g
número73 (1994), páginas 27-30
999
|c
33328
|d
33328
Những quyển sách tương tự
La desaceleración de la economía mexicana /
Bằng: Zepeda Martínez, Mario
La desaceleración de la economía mexicana /
Bằng: Zepeda Martínez, Mario
La Economía mexicana en 2005: ¿Recuperación del PIB sin empleo? /
Bằng: Dussel Peters, Enrique
Despacho económico de carga a corto plazo
Bằng: Espinoza Valverde, Rodolfo
Được phát hành: (1985)
La economía costarricense en el largo plazo /
Được phát hành: (1976)